[Event "43rd Capablanca Memorial Open"]
[Site "Havana CUB"]
[Date "2008.05.17"]
[Round "10"]
[White "Guerra Mendez,J"]
[Black "Alonso Moyano,J"]
[Result "1/2-1/2"]
[WhiteElo "2447"]
[BlackElo "2385"]

1.e4 c5 2.Nf3 e6 3.d4 cxd4 4.Nxd4 a6 5.Bd3 g6 6.O-O Bg7 7.c3 Nc6 8.Be3 e5
9.Nb3 d5 10.exd5 Qxd5 11.Na3 Nf6 12.Nc4 Rb8 13.Nb6 Qd8 14.Nxc8 Qxc8 15.Bc5 Bf8
16.Qf3 Nd7 17.Bc4 Nd8 18.Bxf8 Kxf8 19.Bd5 Kg7 20.c4 Re8 21.Rfe1 f6 22.h4 Ne6
23.Rad1 Qc7 24.Bxe6 Rxe6 25.Rxd7+ Qxd7 26.Nc5 Qe7 27.Nxe6+ Qxe6 28.Rd1 e4
29.Qf4 Rc8 30.Rd6 Qe7 31.Qd2 Rc7 32.b3 Qe5 33.g3 Re7 34.Rd7 Rxd7 35.Qxd7+ Kh6
36.Qd2+ Kg7 37.Kg2 Qf5 38.Qe3 h5 39.Qf4 Qe6 40.Qc7+ Qf7 41.Qb6 Qd7 42.b4 g5
43.hxg5 fxg5 44.Qe3 Qf5 45.a4 h4 46.gxh4 gxh4 47.b5 axb5 48.cxb5 Kf7 49.Qb6 Qf3+
50.Kh2 Qf4+ 51.Kg2 Qf3+ 52.Kh2 Qf4+ 53.Kh3 Qf3+ 54.Kxh4 Qf4+ 55.Kh5 Qf5+
56.Kh4  1/2-1/2

[Event "Mayors Cup Open"]
[Site "Mumbai IND"]
[Date "2008.05.17"]
[Round "9"]
[White "Amit,Su"]
[Black "Gahan,M"]
[Result "1/2-1/2"]
[WhiteElo "1821"]
[BlackElo "2086"]

1.e4 c5 2.Nf3 e6 3.d4 cxd4 4.Nxd4 a6 5.Bd3 Nf6 6.O-O d6 7.c4 b6 8.Nc3 Bb7
9.Be3 Nbd7 10.f3 Be7 11.Qd2 O-O 12.Rfd1 Re8 13.Bf1 g6 14.Qf2 Rc8 15.Rac1 Qc7
16.Kh1 Qb8 17.Nc2 Ne5 18.Na3 d5 19.cxd5 exd5 20.Nxd5 Bxd5 21.Rxc8 Qxc8 22.exd5 Bxa3
23.bxa3 Neg4 24.fxg4 Nxg4 25.Qd2 Nxe3 26.Rc1 Qf5 27.Re1 Re5 28.Bd3 Rxd5 29.Rxe3 Qf6
30.Qe1 b5 31.h3 Kg7 32.Bf1 Rf5 33.Be2 Rc5 34.Rf3 Qb2 35.Qf2 Rc7 36.Bf1 Qa1
37.Kg1 Re7  1/2-1/2

[Event "Mayors Cup Open"]
[Site "Mumbai IND"]
[Date "2008.05.17"]
[Round "9"]
[White "Vishnu,S"]
[Black "Anurag,M"]
[Result "0-1"]
[WhiteElo "1931"]
[BlackElo "2125"]

1.e4 c5 2.Nf3 e6 3.d4 cxd4 4.Nxd4 a6 5.Bd3 Bc5 6.Nb3 Be7 7.Qg4 g6 8.Qe2 d6
9.O-O Nd7 10.a4 b6 11.f4 Bb7 12.f5 gxf5 13.exf5 e5 14.Nc3 Ngf6 15.Ne4 Rg8
16.g3 h5 17.Bg5 Bxe4 18.Bxe4 Rxg5 19.Bxa8 Qxa8 20.Nd2 Rg8 21.a5 b5 22.c4 b4
23.Ra4 Qc6 24.b3 d5 25.cxd5 Bc5+ 26.Kh1 Qxd5+ 27.Nf3 h4 28.gxh4 Nh5 29.Ra2 Nf4
30.Rd2 Qc6 31.Qd1 f6 32.Re1 Nh3 33.Rf1 e4 34.Qe2 Kf8 35.Rxd7 Qxd7 36.Qxa6 Nf2+
37.Rxf2 Qd1+ 38.Qf1 Qxf1+ 39.Rxf1 exf3  0-1

[Event "TCh-HUN 2007-8"]
[Site "Budapest HUN"]
[Date "2008.05.18"]
[Round "11"]
[White "Berescu,A"]
[Black "Sax,G"]
[Result "1/2-1/2"]
[WhiteElo "2508"]
[BlackElo "2508"]

1.e4 c5 2.Nf3 e6 3.d4 cxd4 4.Nxd4 a6 5.Bd3 Qb6 6.Nb3 Qc7 7.O-O Nf6 8.Nc3 d6
9.f4 Nc6 10.Kh1 Be7 11.Bd2 b5 12.a3 Bb7 13.Qe2 O-O 14.Rae1 b4 15.axb4 Nxb4
16.Nb5 axb5 17.Bxb4 e5 18.Qd2 Rab8 19.Qc3 Rfc8  1/2-1/2

[Event "ch-LTU"]
[Site "Kaunas LTU"]
[Date "2008.05.19"]
[Round "3"]
[White "Sulskis,S"]
[Black "Kveinys,A"]
[Result "0-1"]
[WhiteElo "2555"]
[BlackElo "2515"]

1.e4 c5 2.Nf3 e6 3.d4 cxd4 4.Nxd4 a6 5.Bd3 Nf6 6.O-O Qc7 7.c4 Nc6 8.Nf3 Bc5
9.Bg5 Ng4 10.Bh4 Nge5 11.Nc3 d6 12.Nxe5 dxe5 13.Qg4 f6 14.Na4 b6 15.Nxc5 bxc5
16.Rac1 O-O 17.Rc3 Nd4 18.Bb1 Rb8 19.b3 a5 20.Re1 a4 21.Ree3 axb3 22.axb3 Bd7
23.h3 Bc6 24.Qd1 Ra8 25.Kh2 Ra1 26.f3 Rb8 27.Rc1 Ra3 28.Rcc3 Qb6 29.Bc2 Ra2
30.Be1 Rba8 31.Bb1 Rb2 32.Qc1 Rxb3 33.Rxb3 Nxb3 34.Qb2 Rb8 35.Bd3 Nd4 36.Qa1 Ra8
37.Qc1 Qa7 38.Bc3 Qa3 39.Bb2 Qb4 40.Bc3 Qb8 41.Bb1 h6 42.h4 Be8 43.Kh3 Ra7
44.Kh2 g5 45.Re1 Rg7 46.Qa3 Qb3 47.Bb2 Rb7 48.Qxb3 Rxb3 49.Ba1 Kg7 50.hxg5 hxg5
51.Rd1 Ba4 52.Bd3 Ra3 53.Bb2 Ra2 54.Rd2 Bb3 55.Bc3 Ra4 56.Rb2 Bxc4 57.Bb1 Ra3
58.Rb7+ Kg6 59.Bb2 Rb3 60.Rxb3 Bxb3 61.Kg3 c4 62.Ba3 Ne2+  0-1

[Event "Mayors Cup Open"]
[Site "Mumbai IND"]
[Date "2008.05.19"]
[Round "11"]
[White "Konde,G"]
[Black "Amrutha,M"]
[Result "1/2-1/2"]
[WhiteElo "2012"]
[BlackElo "2163"]

1.e4 c5 2.Nf3 e6 3.d4 cxd4 4.Nxd4 a6 5.Bd3 Nf6 6.Nc3 Qc7 7.O-O Nc6 8.Be3 d6
9.Kh1 Be7 10.f4 O-O 11.Qf3 Nd7 12.Qg3 Re8 13.a4 Bf8 14.Rae1 Nb4  1/2-1/2

[Event "Mayors Cup Open"]
[Site "Mumbai IND"]
[Date "2008.05.19"]
[Round "11"]
[White "Ram,G"]
[Black "Antonio,V"]
[Result "1/2-1/2"]
[WhiteElo "1917"]
[BlackElo "2127"]

1.e4 c5 2.Nf3 e6 3.d4 cxd4 4.Nxd4 a6 5.Bd3 Nf6 6.O-O d6 7.c4 Be7 8.Qe2 b6
9.b3 Bb7 10.Bb2 Nbd7 11.Nc3 Qc7 12.Rae1 Rc8 13.Kh1 O-O 14.f4 g6 15.Nf3 e5
16.Nd5 Bxd5 17.exd5 Rce8 18.fxe5 dxe5 19.Bxe5 Bd6 20.Bxd6 Qxd6 21.Qf2 Nc5
22.Bb1 Ng4 23.Qd4 f5 24.h3 Nf6 25.Rxe8 Rxe8 26.Re1 Nfe4 27.Kg1 Qg3 28.b4 Re7
29.d6 Ng5 30.Qd5+ Re6 31.Rxe6 Nxh3+ 32.Kh1 Nf2+ 33.Kg1 Nh3+ 34.Kh1  1/2-1/2

[Event "TCh-CHN Torch Real Estate Cup"]
[Site "Jiangsu Wuxi CHN"]
[Date "2008.05.20"]
[Round "8"]
[White "Pan Qian"]
[Black "Li Ruofan"]
[Result "1-0"]
[WhiteElo "2154"]
[BlackElo "2423"]

1.e4 c5 2.Nf3 e6 3.d4 cxd4 4.Nxd4 a6 5.Bd3 Bc5 6.Nb3 Be7 7.O-O d6 8.a4 b6
9.Nc3 Nf6 10.f4 Nbd7 11.Qf3 Qc7 12.Bd2 Bb7 13.Rae1 O-O 14.Qh3 Rfe8 15.e5 dxe5
16.fxe5 Nxe5 17.Rxe5 Qxe5 18.Rxf6 h6 19.Rf1 Bg5 20.Re1 Qf6 21.Bxg5 Qxg5 22.Be4 Bxe4
23.Rxe4 e5 24.Qe3 f5 25.Qxg5 hxg5 26.Rb4 Re6 27.Kf2 Rd8 28.h3 Kf7 29.Ke3 e4
30.Nd4 Rf6 31.Rc4 Rd7 32.Rc8 g6 33.Nc6 Kg7 34.Nd4 Rfd6 35.Nb3 Re7 36.Rc4 Kf6
37.Ke2 Kf7 38.Nd4 Kg7 39.Ke3 Red7 40.Nce2 Kh6 41.Rc8 Re7 42.g3 Kg7 43.Nc6 Rf7
44.Ne5 Rb7 45.Nd4 Kf6 46.Nc4 f4+ 47.gxf4 gxf4+ 48.Kxe4 Re7+ 49.Kd3 Rdd7 50.Rf8+ Kg5
51.Nxb6 Re3+ 52.Kc4 Rh7 53.Nd5 Rh4 54.Nxe3 fxe3 55.Rf3 e2 56.Re3 Rxh3 57.Rxh3  1-0

[Event "17th Open"]
[Site "Chicago USA"]
[Date "2008.05.23"]
[Round "1"]
[White "Friedel,J"]
[Black "Zenyuk,I"]
[Result "1-0"]
[WhiteElo "2484"]
[BlackElo "2233"]

1.e4 c5 2.Nf3 e6 3.d4 cxd4 4.Nxd4 a6 5.Bd3 Bc5 6.Nb3 Ba7 7.Qe2 d6 8.Be3 Nc6
9.f4 Nf6 10.N1d2 e5 11.Bxa7 Rxa7 12.f5 O-O 13.O-O b6 14.c3 Bb7 15.Rad1 Re8
16.a4 Qc7 17.Kh1 Nb8 18.c4 Nbd7 19.a5 Nc5 20.Ra1 b5 21.Nxc5 dxc5 22.cxb5 axb5
23.Bxb5 Rb8 24.a6 Bxe4 25.Nxe4 Nxe4 26.Bc4 Nf6 27.b3 Rd8 28.Rae1 e4 29.g4 h6
30.Qg2 Qe5 31.Rg1 Rd4 32.g5 hxg5 33.Qxg5 Nh7 34.Qg2 Kf8 35.Re3 f6 36.Qh3 Qf4
37.Qxh7 Qxe3 38.Qg8+ Ke7 39.Rxg7+ Kd6 40.Qe6+  1-0

[Event "ch-LTU"]
[Site "Kaunas LTU"]
[Date "2008.05.23"]
[Round "9"]
[White "Sulskis,S"]
[Black "Zagorskis,D"]
[Result "1/2-1/2"]
[WhiteElo "2555"]
[BlackElo "2493"]

1.e4 c5 2.Nf3 e6 3.d4 cxd4 4.Nxd4 a6 5.Bd3 Nf6 6.O-O Qc7 7.Qe2 d6 8.c4 g6
9.Nc3 Bg7 10.Rd1 O-O 11.Nf3 Nc6 12.Bf4 e5 13.Be3 Bg4 14.h3 Nd4 15.Bxd4 Bxf3
16.Qxf3 exd4 17.Ne2 Nd7 18.Nf4 a5 19.h4 h5 20.Qg3 Qd8 21.Nd5 Nf6 22.Qh3 Nxd5
23.cxd5 Rc8 24.Rac1 Rc7 25.a4 Qc8 26.Rxc7 Qxc7 27.Qf3 Qd7 28.Bb5 Qe7 29.g3 Rc8
30.Qd3 Qc7 31.Rd2 Qc5 32.Kg2 Qb4 33.Rc2 Rxc2 34.Qxc2 d3 35.Bxd3 Bxb2 36.Bb5 Kg7
37.Qc4 Qxc4 38.Bxc4 Kf6 39.f4 Ba3 40.Kf3 Bb4 41.Bf1 b6 42.Ke2 Bc5 43.Kf3 Bb4
44.Bb5 Bc5 45.g4 hxg4+ 46.Kxg4 Bb4 47.h5 gxh5+ 48.Kxh5 Bd2 49.Kg4 Bc1 50.Kf3 Bd2  1/2-1/2

[Event "82nd ch-ARG"]
[Site "Mendoza ARG"]
[Date "2008.05.31"]
[Round "11"]
[White "Real de Azua,E"]
[Black "Flores,Di"]
[Result "1-0"]
[WhiteElo "2417"]
[BlackElo "2548"]

1.e4 c5 2.Nf3 e6 3.d4 cxd4 4.Nxd4 a6 5.Bd3 Bc5 6.Nb3 Be7 7.Qg4 g6 8.Qe2 d6
9.O-O Nd7 10.a4 b6 11.Nc3 Bb7 12.Kh1 Qc7 13.Bd2 h5 14.f4 Ngf6 15.Rae1 h4
16.Nd1 h3 17.g3 d5 18.Nf2 Bc5 19.Nxc5 Nxc5 20.exd5 O-O-O 21.Kg1 Rxd5 22.Bc3 Rg5
23.Ne4 Ncxe4 24.fxg5 Nxc3 25.Qe5 Qxe5 26.Rxe5 Nd7 27.Ree1 Nxa4 28.Rxf7 Nac5
29.Bxg6 Rg8 30.Bh5 Rxg5 31.Bf3 Bxf3 32.Rxf3 a5 33.Ref1 Kc7 34.Rf4 Rd5 35.Rh4 Ne5
36.Rxh3 Nc4 37.Rh7+ Kc6 38.h4 Ne3 39.Rf3 Nxc2 40.h5 Rg5 41.h6 Nd4 42.Rf8 Rxg3+
43.Kh2 Rg6 44.Rhh8 Nf5 45.h7 Rh6+ 46.Kg1 Ne4 47.Rc8+ Kb5 48.Rc7 Ng5 49.Rb7 Nd6
50.Rg7 Rxh7 51.Rxg5+ Kb4 52.Rxh7 Nc4 53.Rh4  1-0

[Event "XXX Nezhmetdinov Mem"]
[Site "Kazan RUS"]
[Date "2008.06.01"]
[Round "1"]
[White "Talov,N"]
[Black "Rodchenkov,S"]
[Result "1/2-1/2"]
[WhiteElo "2041"]
[BlackElo "2359"]

1.e4 c5 2.Nf3 e6 3.d4 cxd4 4.Nxd4 a6 5.Bd3 Bc5 6.Nb3 Ba7 7.O-O Ne7 8.Bg5 Nbc6
9.Kh1 d6 10.f4 h6 11.Bh4 g5 12.fxg5 Ng6 13.Bg3 hxg5  1/2-1/2

[Event "XXX Nezhmetdinov Mem"]
[Site "Kazan RUS"]
[Date "2008.06.03"]
[Round "3"]
[White "Fedorov,Alex"]
[Black "Rodchenkov,S"]
[Result "1-0"]
[WhiteElo "2603"]
[BlackElo "2359"]

1.e4 c5 2.Nf3 e6 3.d4 cxd4 4.Nxd4 a6 5.Bd3 Bc5 6.Nb3 Ba7 7.Qe2 d6 8.Be3 Nc6
9.O-O Nge7 10.c4 e5 11.Nc3 O-O 12.Bxa7 Rxa7 13.Rfd1 Be6 14.Rd2 Qb8 15.Rad1 Rc8
16.Nd5 a5 17.Bb1 a4 18.Nc1 Ng6 19.Nb6 Rd8 20.Qe3 Ra6 21.Ne2 Nf4 22.Ng3 g6
23.h4 Bg4 24.Rc1 Ne7 25.Rc3 Qc7 26.Nd5 Nexd5 27.exd5 Qe7 28.Ne4 Qxh4 29.g3 Nh3+
30.Kh2 Qe7 31.c5 f5 32.cxd6 Qf7 33.f3  1-0

[Event "58th ch-RUS w HL"]
[Site "Chelyabinsk RUS"]
[Date "2008.06.05"]
[Round "2"]
[White "Semenova,Ir"]
[Black "Vasilevich,I"]
[Result "1/2-1/2"]
[WhiteElo "2277"]
[BlackElo "2395"]

1.e4 c5 2.Nf3 e6 3.d4 cxd4 4.Nxd4 a6 5.Bd3 Bc5 6.Nb3 Ba7 7.c4 Nc6 8.Nc3 d6
9.O-O Nf6 10.Qe2 O-O 11.Be3 Bxe3 12.Qxe3 e5 13.Rad1 Be6 14.Nd5 a5 15.Bb1 a4
16.Nc1 Nd4 17.f4 Nd7 18.Qg3 Rc8 19.b3 b5 20.fxe5 dxe5 21.Bd3 axb3 22.axb3 bxc4
23.bxc4 f6 24.Ne2 Bxd5 25.exd5 Nxe2+ 26.Bxe2 f5 27.Qh3 Qg5 28.Bd3 g6 29.Rf2 Nc5
30.Bf1 e4 31.Ra2 f4 32.Ra7 h5 33.Qc3 Qf6 34.Qxf6 Rxf6 35.d6 Rf7 36.Ra5 Rd7
37.Rd5 Nb7 38.Ra7 Rcd8 39.Rxb7 Rxb7 40.c5 Rb1 41.c6 Rc1 42.c7 Rd7 43.Rb5 Rxd6
44.Rb8+ Kf7 45.c8=Q Rxc8 46.Rxc8 Rd1 47.Rc4 Re1 48.Kf2 Re3 49.Be2 h4 50.Bf3 h3
51.Bxe4 hxg2 52.Bd5+ Kf6 53.Rxf4+ Ke5 54.Rg4 Rh3 55.Kxg2 Rh8 56.Be4 g5 57.Bd3 Kf6
58.Ra4 Rh4 59.Ra6+ Ke5 60.Rg6 Kf4 61.Rf6+ Ke3 62.Bb5 Rg4+ 63.Kh3 Rf4 64.Re6+ Kf2
65.Re2+ Kf3 66.Re3+ Kxe3 67.Kg3 Ke4 68.Bc6+ Ke5 69.Bd7 Rd4 70.Bc8 Rd8 71.Bb7 Kf5
72.Ba6 Ra8 73.Bd3+ Kf6 74.Bb1 Ra3+ 75.Kg4 Rb3 76.Bh7 Rb7 77.Bd3 Rb4+ 78.Kf3 g4+
79.Kg2 Rb2+ 80.Kg1 Kg5 81.Be4 Kf4 82.Bd5 Rd2 83.Bc6 Kg5 84.Bb7 Kh4 85.Ba6 Rd1+
86.Kg2 Ra1 87.Bb5 Ra5 88.Bc4 Rc5 89.Ba6 Rc2+ 90.Kg1 Kg5 91.Bb7 Kf4 92.Bd5 Ke5
93.Bb7 Rc7 94.Ba8 Kd4 95.Kg2 Ra7 96.Bc6 Ra3 97.Bd7  1/2-1/2

[Event "XXX Nezhmetdinov Mem"]
[Site "Kazan RUS"]
[Date "2008.06.06"]
[Round "6"]
[White "Filipenko,A"]
[Black "Ambartsumova,K"]
[Result "0-1"]
[WhiteElo "2341"]
[BlackElo "2249"]

1.e4 c5 2.Ne2 e6 3.d4 cxd4 4.Nxd4 a6 5.Bd3 Bc5 6.Nb3 Ba7 7.Nc3 Nc6 8.Qg4 Nf6
9.Qg3 Nh5 10.Qh3 Nf6 11.f4 d6 12.Be3 Bxe3 13.Qxe3 Qc7 14.O-O-O O-O 15.Rhg1 b5
16.g4 b4 17.g5 Ne8 18.Ne2 a5 19.Kb1 a4 20.Nbd4 Nxd4 21.Qxd4 Qa5 22.e5 d5
23.Rg3 g6 24.Rh3 Qa7 25.Qxb4 Rb8 26.Qd4 Qb7 27.b3 Bd7 28.Nc3 axb3 29.cxb3 Nc7
30.Be2 Rfc8 31.Bd3 Ra8 32.Rc1 Qa7  0-1

[Event "TCh-BIH w"]
[Site "Neum BIH"]
[Date "2008.06.06"]
[Round "3"]
[White "Madl,I"]
[Black "Mladenovic,J"]
[Result "1-0"]
[WhiteElo "2379"]
[BlackElo "2133"]

1.e4 c5 2.Nf3 e6 3.d4 cxd4 4.Nxd4 a6 5.Bd3 Nf6 6.O-O d6 7.c4 b6 8.f4 Bb7
9.Nc3 Be7 10.Qe2 O-O 11.Nf3 Nbd7 12.Kh1 Qc7 13.Bd2 Rac8 14.Rae1 Nc5 15.Bb1 e5
16.Nd5 Nxd5 17.exd5 f6 18.Nh4 g6 19.Qg4 Rf7 20.fxe5 dxe5 21.Bf5 Kh8 22.Bxg6 Rg8
23.Qh5 Rfg7 24.Bf5 Bf8 25.Bh6 Rg5 26.Bxg5 Rxg5 27.Qe8 Rg8 28.b4 Bd6 29.Qh5 Na4
30.Qh6 Bxb4 31.Qxf6+ Rg7 32.Re4 Be7 33.Ng6+ hxg6 34.Rh4+ Kg8 35.Be6+  1-0

[Event "XVI Lasker Mem Open A"]
[Site "Barlinek POL"]
[Date "2008.06.07"]
[Round "9"]
[White "Aliavdin,N"]
[Black "Voloshin,L"]
[Result "1/2-1/2"]
[WhiteElo "2384"]
[BlackElo "2434"]

1.e4 c5 2.Nf3 e6 3.d4 cxd4 4.Nxd4 a6 5.Bd3 Bc5 6.Nb3 Ba7 7.Qe2 Nc6 8.Be3 Nge7
9.Bxa7 Rxa7 10.N1d2 e5 11.O-O O-O 12.Rfd1 d6 13.c3 Ra8 14.a4 Ng6 15.g3 Qe7
16.Nf1 f5 17.exf5 Bxf5 18.Bxf5 Rxf5 19.Ne3 Rf7 20.Qd3 Raf8 21.Qxd6 Qxd6  1/2-1/2

[Event "Alushta Summer-3"]
[Site "Alushta UKR"]
[Date "2008.06.08"]
[Round "10"]
[White "Chos,A"]
[Black "El Gindy,E"]
[Result "0-1"]
[WhiteElo "2406"]
[BlackElo "2507"]

1.e4 c5 2.Nf3 e6 3.d4 cxd4 4.Nxd4 a6 5.Bd3 g6 6.c4 Bg7 7.Nf3 Ne7 8.O-O O-O
9.Nc3 Nbc6 10.Bf4 d5 11.cxd5 exd5 12.e5 Bg4 13.Re1 Nd4 14.Be2 Nxe2+ 15.Qxe2 h6
16.h3 Be6 17.Rad1 Qa5 18.Nd4 Rad8 19.Nxe6 fxe6 20.Qg4 Rf5 21.Bg3 Rdf8 22.Kh2 Kh7
23.f4 h5 24.Qe2 Bh6 25.Rf1 Bxf4 26.Bxf4 Rxf4 27.Rxf4 Rxf4 28.Rf1 Qb4 29.a3 Qd4
30.Rxf4 Qxf4+ 31.g3 Qf5 32.Na4 Nc6 33.Nc5 Nd4  0-1

[Event "XXX Nezhmetdinov Mem"]
[Site "Kazan RUS"]
[Date "2008.06.08"]
[Round "8"]
[White "Shurunov,A"]
[Black "Demanov,N"]
[Result "1-0"]
[WhiteElo "2130"]
[BlackElo "2038"]

1.e4 c5 2.Nf3 a6 3.d4 cxd4 4.Nxd4 e6 5.Bd3 Nc6 6.Be3 Nf6 7.Nc3 d5 8.exd5 Nxd5
9.Nxd5 Qxd5 10.Nxc6 Qxc6 11.O-O Be7 12.Bd4 O-O 13.Re1 f5 14.Qe2 b5 15.b3 Bb4
16.Red1 Bb7 17.f3 Rae8 18.Be5 Bc3 19.Bxc3 Qxc3 20.a4 Bc6 21.axb5 axb5 22.Qe1 Qc5+
23.Qf2 Qc3 24.Qe1 Qc5+ 25.Qf2 Qc3 26.Ra7 e5 27.Bf1 e4 28.Qd4 Qxd4+ 29.Rxd4 exf3
30.gxf3 Rd8 31.Rxd8 Rxd8 32.Rc7 Rd6 33.Bd3 f4 34.Kf2 Rh6 35.Kg2 Re6 36.Kf2 Rh6
37.Kg2 Re6 38.h3 Rh6 39.Bf5 Rd6 40.Bd3 Re6 41.Kf2 Rh6 42.Rc8+ Kf7 43.Rc7+ Ke8
44.Rxc6 Rxh3 45.Bxb5 Ke7 46.Bf1 Rg3 47.Rc4 g5 48.Rc7+  1-0

[Event "FSGM June"]
[Site "Budapest HUN"]
[Date "2008.06.09"]
[Round "3"]
[White "Sethuraman,S"]
[Black "Bui Vinh"]
[Result "0-1"]
[WhiteElo "2425"]
[BlackElo "2448"]

1.e4 c5 2.Nf3 e6 3.d4 cxd4 4.Nxd4 a6 5.Bd3 Qc7 6.O-O Nf6 7.Qe2 d6 8.c4 Nbd7
9.Nc3 Be7 10.f4 O-O 11.Nf3 g6 12.e5 Nh5 13.Kh1 b6 14.Ne4 Bb7 15.exd6 Bxd6
16.Nxd6 Qxd6 17.Ng5 Nc5 18.Bc2 h6 19.Nh3 Rad8 20.Be3 Qc6 21.Kg1 Ng7 22.b4 Ne4
23.b5 axb5 24.cxb5 Qd6 25.Bxe4 Bxe4 26.Nf2 Bd5 27.Ng4 f5 28.Ne5 g5 29.Qf2 Nh5
30.Rad1 gxf4 31.Bd4 Kh7 32.Qh4 Nf6 33.Rxf4 Be4 34.Rff1 Qc7 35.Nc6 Qg7 36.g3 Rd5
37.a4 Qd7 38.Qf4 Ra8 39.Qc1 Nh5 40.Qc4 Rg8 41.Qb3 Qc7 42.Bf2 Nf4 43.Rfe1 Rxd1
44.Qxd1 Bxc6 45.Qc1 Nd3 46.Qc3 Nxe1 47.bxc6 Rc8 48.Qxe1 Qxc6 49.a5 bxa5 50.Qxa5 Qd5
51.Qa7+ Kg6 52.Qa3 Rc2 53.Qe3 Qe4 54.Qa3 Qe2 55.Qa7 Rc1+ 56.Kg2 Qf1+ 57.Kf3 Qh1+
58.Ke2 Qd1+ 59.Ke3 Rc3+  0-1

[Event "ch-Panamerican U20"]
[Site "Cali COL"]
[Date "2008.06.11"]
[Round "2"]
[White "Escobar Barona,J"]
[Black "Macias Murillo,B"]
[Result "1/2-1/2"]
[WhiteElo "2054"]
[BlackElo "2218"]

1.e4 c5 2.Nf3 e6 3.d4 cxd4 4.Nxd4 a6 5.Bd3 Nf6 6.O-O d6 7.Nc3 Be7 8.Be3 O-O
9.a4 b6 10.Kh1 Bb7 11.f4 Nbd7 12.f5 e5 13.Nb3 d5 14.exd5 Nxd5 15.Nxd5 Bxd5
16.Qe2 Qc7 17.c4 Bc6 18.a5 e4 19.Bc2 Bf6 20.axb6 Nxb6 21.Na5 Rac8 22.Bf4 Qe7
23.Nxc6 Rxc6 24.Rxa6 Qb4 25.b3 Re8 26.Be3 h6 27.Qf2 Bd8 28.Rfa1 Bf6 29.Rd1 Bg5
30.Bxg5 hxg5 31.Re1 Rf6 32.c5 Nd5 33.Ra4 Rxf5 34.Rxb4 Rxf2 35.Rbxe4 Rf8 36.Bb1 Rb2
37.Bd3 Nf4 38.Bc4 Nxg2 39.Rc1 Nf4 40.c6 Kh7 41.Re3 Kg6 42.Bf1 Rc8 43.Bd3+ Kf6
44.Be4 Rh8 45.c7 Rbxh2+ 46.Kg1 Ne2+ 47.Rxe2 Rxe2 48.Bb7 Rb2 49.Rc3 Ke5 50.Ba6 f5
51.c8=Q Rxc8 52.Bxc8 g6 53.Ba6 g4 54.Bc4 f4 55.Rc1 f3 56.Rf1 Kf4 57.Rf2 Rb1+
58.Rf1 Rb2 59.Rf2 Rb1+  1/2-1/2

[Event "IM"]
[Site "Danang VIE"]
[Date "2008.06.13"]
[Round "5"]
[White "Nguyen Thien Viet"]
[Black "Dao Thien Hai"]
[Result "1-0"]
[WhiteElo "2321"]
[BlackElo "2502"]

1.e4 c5 2.Nf3 e6 3.d4 cxd4 4.Nxd4 a6 5.Bd3 Nc6 6.Nxc6 bxc6 7.O-O d5 8.Qe2 Nf6
9.Nd2 Be7 10.c4 Bb7 11.e5 Nd7 12.f4 g6 13.Kh1 Nc5 14.Bb1 a5 15.b3 Ba6 16.Ba3 Nd7
17.Bb2 Qb6 18.f5 O-O-O 19.fxe6 fxe6 20.Bd3 Rhf8 21.cxd5 Bxd3 22.Qxd3 cxd5
23.Bd4 Bc5 24.Rac1 Kb7 25.Rxc5 Nxc5 26.Qe3 Rc8 27.Rc1 Rc6 28.Rxc5 Rfc8 29.Rxc6 Qxc6
30.Qd3 Rc7 31.Bg1 Qa6 32.Qe3 Rc2 33.Ne4 Rxa2 34.Nd6+ Kc6 35.Qc5+ Kd7 36.Nb5 Qb7
37.Qd6+ Ke8 38.Nc7+ Kf7 39.Qd7+ Kg8 40.Qe8+  1-0

[Event "ch-PAR"]
[Site "Asuncion PAR"]
[Date "2008.06.14"]
[Round "5"]
[White "Almiron,A"]
[Black "Jodorcovsky,P"]
[Result "1/2-1/2"]
[WhiteElo "2115"]
[BlackElo "2207"]

1.e4 c5 2.Nf3 e6 3.d4 cxd4 4.Nxd4 a6 5.Bd3 Nf6 6.O-O d6 7.c4 Be7 8.Nc3 O-O
9.Qe2 Nbd7 10.f4 Qc7 11.Kh1 g6 12.Nf3 b6 13.Bd2 Bb7 14.Rac1 Rac8 15.b4 Rfe8
16.a3 Bf8 17.Qf2 Bg7 18.Qh4 Qb8  1/2-1/2

[Event "FSGM June"]
[Site "Budapest HUN"]
[Date "2008.06.15"]
[Round "9"]
[White "Wang Puchen"]
[Black "Rajlich,I"]
[Result "1-0"]
[WhiteElo "2397"]
[BlackElo "2411"]

1.d4 e6 2.Nf3 c5 3.e4 cxd4 4.Nxd4 a6 5.Bd3 Bc5 6.Nb3 Be7 7.Be3 Nc6 8.c4 Nf6
9.Nc3 d6 10.O-O Ne5 11.Be2 b6 12.f4 Ned7 13.f5 exf5 14.Nd4 Ne5 15.Nxf5 O-O
16.Nxe7+ Qxe7 17.Bxb6 Rb8 18.Bd4 Rxb2 19.Rxf6 gxf6 20.Nd5 Qb7 21.Nxf6+ Kg7
22.Qc1 Rxe2 23.Qg5+ Kh8 24.Qh6 Rxg2+ 25.Kxg2 Rg8+ 26.Kf2 Bf5 27.Rg1 Bg6 28.Nxh7 f5
29.Nf6+ Bh7 30.Rxg8+  1-0

[Event "Serbia Cup"]
[Site "Zlatibor SRB"]
[Date "2008.06.20"]
[Round "5"]
[White "Nevednichy,V"]
[Black "Damljanovic,B"]
[Result "0-1"]
[WhiteElo "2558"]
[BlackElo "2595"]

1.e4 c5 2.Nf3 e6 3.d4 cxd4 4.Nxd4 a6 5.Bd3 Nf6 6.O-O d6 7.c4 b6 8.Nc3 Bb7
9.f4 Nbd7 10.f5 e5 11.Nc2 Be7 12.Nb4 Nc5 13.Nbd5 Bxd5 14.cxd5 b5 15.a3 Rc8
16.Bc2 h5 17.Kh1 Ng4 18.Qe2 Bg5 19.Bxg5 Qxg5 20.Rf3 O-O 21.Raf1 Nd7 22.Bd3 Ngf6
23.Rg3 Qh6 24.Qe3 Qxe3 25.Rxe3 Nb6 26.Re2 Rc5 27.g3 Rfc8 28.Na2 Na4 29.Kg2 R5c7
30.Kf3 Nc5 31.Bc2 a5 32.b4 axb4 33.axb4 Na4 34.Bxa4 bxa4 35.b5 Nd7 36.Rb1 Nb6
37.g4 Rc2 38.Rb2 Rxe2 39.Rxe2 hxg4+ 40.Kxg4 Rc4 41.Kg5 f6+ 42.Kh5 Kh7 43.h3 Kg8
44.h4 Kh7 45.Re1 Rc2 46.Ra1 a3 47.Kg4 Rb2 48.Nc3 Nc4 49.h5 Rb3 50.Rc1 Nb2
51.Na2 Na4 52.h6 Rb2 53.Ra1 Rxb5 54.hxg7 Kxg7 55.Nc1 Rb4 56.Kf3 Nc5 57.Rxa3 Rxe4
58.Ne2 Rb4 59.Ng3 Kh6 60.Ra8 Rb3+ 61.Kg4 Rb4+ 62.Kf3 Rd4 63.Rg8 Kh7 64.Rd8 Rxd5
65.Nh5 Rd4 66.Nxf6+ Kh6 67.Ng4+ Kg7 68.Ne3 Kf6 69.Rf8+ Ke7 70.Rh8 Kd7 71.Ke2 Ne4
72.Rh7+ Kc6 73.Rh6 Ng3+ 74.Kf3 Nxf5  0-1

[Event "12th North American FIDE Inv"]
[Site "Chicago USA"]
[Date "2008.06.23"]
[Round "5"]
[White "Yuan Yuanling"]
[Black "Pasalic,M"]
[Result "0-1"]
[WhiteElo "2119"]
[BlackElo "2392"]

1.e4 c5 2.Nf3 e6 3.d4 cxd4 4.Nxd4 a6 5.Bd3 Qc7 6.Nc3 Nf6 7.Be3 Nc6 8.Nb3 b5
9.Qd2 Bb4 10.a3 Be7 11.f3 O-O 12.a4 b4 13.Ne2 d5 14.exd5 Nxd5 15.Bf2 Ne5
16.Be4 Bb7 17.Ned4 Nc4 18.Qc1 Bd6 19.g3 Rae8 20.O-O f5 21.Bd3 Ne5 22.Be2 f4
23.g4 Ng6 24.Bd3 Ne3 25.Bxe3 fxe3 26.Qxe3 Bxh2+ 27.Kh1 Bf4 28.Qe2 Qd8 29.Kg1 Qh4
30.Nc5 Bd5 31.Ne4 Be5 32.Nb3 Nf4 33.Qe1 Qxe1 34.Raxe1 Nxd3  0-1

[Event "22th Open"]
[Site "Pula CRO"]
[Date "2008.06.23"]
[Round "3"]
[White "Kersic,M"]
[Black "Kopylov,Al2"]
[Result "0-1"]
[WhiteElo "2159"]
[BlackElo "2384"]

1.e4 c5 2.Nf3 e6 3.d4 cxd4 4.Nxd4 a6 5.Bd3 Bc5 6.Nb3 Be7 7.a4 Nc6 8.O-O Nf6
9.Nc3 O-O 10.Be3 b6 11.f4 d6 12.Nd4 Bb7 13.Nxc6 Bxc6 14.Qe2 Qb8 15.Kh1 Qb7
16.Bg1 Nd7 17.Bd4 Rfe8 18.Rad1 Bf8 19.Rf3 Nc5 20.Rh3 Nxd3 21.cxd3 f5 22.e5 b5
23.axb5 axb5 24.Rg3 b4 25.Nb1 Ba4 26.Re1 d5 27.Nd2 Rec8 28.Qh5 Be8 29.Qh3 Rc2
30.Nf3 Qc8 31.Ng1 Rc1 32.Rge3 Raa1 33.Qg3 Bh5 34.Qf2 Rab1 35.Nf3 Bxf3 36.gxf3 Bc5  0-1

[Event "12th North American FIDE Inv"]
[Site "Chicago USA"]
[Date "2008.06.24"]
[Round "6"]
[White "Yuan Yuanling"]
[Black "Chow,A"]
[Result "1/2-1/2"]
[WhiteElo "2119"]
[BlackElo "2198"]

1.e4 c5 2.Nf3 e6 3.d4 cxd4 4.Nxd4 a6 5.Bd3 Qc7 6.Nc3 Nf6 7.O-O Nc6 8.Be3 Ne5
9.h3 Bc5 10.Qe2 d6 11.f4 Ng6 12.Nb3 Bxe3+ 13.Qxe3 O-O 14.Rae1 b5 15.a3 Bb7
16.Nd2 e5 17.Ne2 exf4 18.Nxf4 Rae8 19.Nxg6 hxg6 20.Qd4 Re7 21.c4 bxc4 22.Nxc4 Rd8
23.Nd2 Rde8 24.Re3 d5 25.Rfe1 dxe4 26.Nxe4 Bxe4 27.Bxe4 Qe5 28.Qd3 Qxb2 29.R3e2 Qb6+
30.Kh1 Nh5 31.Qf3 Qd6 32.Re3 Qf4 33.Kg1 Qxf3 34.gxf3 Nf4 35.Kf2 Nxh3+ 36.Ke2 Nf4+
37.Kf2 g5 38.Bf5 Rxe3 39.Rxe3 Kf8 40.Rxe8+ Kxe8 41.Ke3 Ke7 42.Kd4 Kd6 43.Bc8 a5
44.Kc4 Kc6 45.Kd4 f6 46.Bf5 g6 47.Bc2 Kb5 48.Bb3 Kc6 49.Ba4+ Kd6 50.Kc4 Ne6
51.Be8 f5 52.Bxg6 g4 53.fxg4 fxg4 54.Be4 Nc7 55.Bg2 g3 56.a4 Ne6 57.Kb5 Nf4
58.Bf3 g2 59.Bxg2 Nxg2 60.Kxa5 Kc5 61.Ka6 Kc6 62.Ka5 Kc5 63.Ka6  1/2-1/2

[Event "TCh-TUR"]
[Site "Kocaeli TUR"]
[Date "2008.06.24"]
[Round "2"]
[White "Deruni,B"]
[Black "Aydogdu,A"]
[Result "1-0"]
[WhiteElo "2015"]
[BlackElo "2050"]

1.e4 c5 2.Nf3 e6 3.d4 cxd4 4.Nxd4 a6 5.Bd3 Qc7 6.Nc3 Nf6 7.O-O Nc6 8.Be3 Bd6
9.h3 b5 10.Nb3 Be7 11.f4 d6 12.Qe2 O-O 13.Rae1 g6 14.f5 Ne5 15.g4 b4 16.Nd1 exf5
17.gxf5 Nh5 18.Bh6 Re8 19.Ne3 Bb7 20.Qg2 Bh4 21.Rd1 Ng3 22.Rf4 Qb6 23.Rxh4 Nxf5
24.Qf2 Nxh4 25.Qf6 Qxe3+ 26.Bxe3 Nef3+ 27.Kf2 Re6 28.Qf4 g5 29.Qg4 Rf6 30.Ke2 Bc8
31.Qg3 h6 32.Nd4 Bb7 33.Rf1 Nxd4+ 34.Bxd4 Re6 35.Rf6 Rae8 36.Rxe6 Rxe6 37.c3 f5
38.Bc4  1-0

[Event "22th Open"]
[Site "Pula CRO"]
[Date "2008.06.24"]
[Round "5"]
[White "Wiesinger,R"]
[Black "Bistric,F"]
[Result "1-0"]
[WhiteElo "2236"]
[BlackElo "2382"]

1.e4 c5 2.Nf3 e6 3.d4 cxd4 4.Nxd4 a6 5.Bd3 Bc5 6.Nb3 Be7 7.O-O d6 8.Nc3 Nf6
9.a4 b6 10.Qf3 Bb7 11.Qg3 O-O 12.Bh6 Ne8 13.Be3 Nc6 14.f4 Rb8 15.f5 Nb4 16.fxe6 fxe6
17.Nd4 Nxd3 18.cxd3 Nc7 19.Rxf8+ Bxf8 20.Rf1 Qd7 21.Nf3 b5 22.axb5 axb5 23.Ng5 h6
24.Nf7 Kh7 25.Qh3 b4 26.Ne2 Ba6 27.Bxh6 gxh6 28.Qh5 Qe7 29.Nxh6 Bxh6 30.Rf7+ Qxf7
31.Qxf7+ Bg7 32.Qxc7 Rc8 33.Qd7  1-0